000 01187nam a2200265Ia 4500
003 OSt
005 20220930094806.0
006 a|||||r|||| 00| 0
007 ta
008 220926b |||||||| |||| 00| 0 hin d
024 _a19443
037 _cTheses
040 _aCRL
_cCRL
_bhin
041 _2hin
_ahin
100 _aगौतम, मनोरमा
110 _aदिल्ली विश्वविद्यालय. कला संकाय. हिन्दी विभाग
245 0 _aस्वातंत्र्योत्तर राजनीतिक परिदृश्य और हरिशंकर परसाई का साहित्य
246 _aSvātantryottar rājanītik paridṛushya aur harishankar parasāī kā sāhitya
260 _c2013
650 _aहिन्दी साहित्य
700 _a डॉ. हरीश नवल, गा.
_9556297
700 _aदिल्ली विश्वविद्यालय. कला संकाय. हिन्दी विभाग
942 _cDIS
_2CC
999 _c887689
_d887689